[Event "Olympiad-45"]
[Site "Budapest"]
[Date "2024.09.21"]
[Round "10.2"]
[White "James, Justin"]
[Black "Rowe, Peter"]
[Result "1-0"]
[WhiteElo "1745"]
[BlackElo "1973"]
[PlyCount "41"]
[EventDate "2024.09.11"]
[EventType "team-swiss"]
[EventRounds "11"]
[EventCountry "HUN"]
[SourceTitle "EXT 2025"]
[Source "ChessBase"]
[SourceDate "2024.10.14"]
[SourceVersion "1"]
[SourceVersionDate "2024.10.14"]
[SourceQuality "1"]
[WhiteTeam "Santa Lucia"]
[BlackTeam "Guernsey"]
[WhiteTeamCountry "SLU"]
[BlackTeamCountry "GCI"]

1. e4 d6 2. d4 Nf6 3. Nc3 e5 4. dxe5 dxe5 5. Qxd8+ Kxd8 6. Bc4 Be6 7. Bxe6 fxe6 8. a3 Bd6 9. f3 Ke7 10. Be3 a6 11. Nh3 Nc6 12. 0-0-0 Na5 13. Kb1 Nc4 14. Bc1 b5 15. Ka2 Bc5 16. b3 Ne3 17. Rd2 Rad8 18. Re2 Nfd5 19. Nxd5+ exd5 20. Bxe3 d4 21. Bg5+ 1-0